| 000 | 00473nam a2200205Ia 4500 | ||
|---|---|---|---|
| 003 | OSt | ||
| 005 | 20221005114733.0 | ||
| 006 | a|||||r|||| 00| 0 | ||
| 007 | ta | ||
| 008 | 221004b |||||||| |||| 00| 0 eng d | ||
| 024 | _a114701 | ||
| 037 | _cTextual | ||
| 040 |
_aCRL _cCRL _beng |
||
| 041 |
_2eng _aeng |
||
| 100 |
_aVasno P M _9626433 |
||
| 245 | 0 | _aBanking vidhi aiv vavhaar | |
| 260 | _c1987 | ||
| 942 |
_cTEXL _2cc |
||
| 999 |
_c1032225 _d1032225 |
||